शाकल्य / (Record no. 121932)
[ view plain ]
| 000 -LEADER | |
|---|---|
| fixed length control field | 00869nam a22002417a 4500 |
| 010 ## - LIBRARY OF CONGRESS CONTROL NUMBER | |
| LC control number | 100299 |
| 020 ## - INTERNATIONAL STANDARD BOOK NUMBER | |
| Terms of availability | 4.00 |
| 035 ## - SYSTEM CONTROL NUMBER | |
| System control number | 100299 |
| 037 ## - SOURCE OF ACQUISITION | |
| Stock number | Cen Lib/Ret |
| 040 ## - CATALOGING SOURCE | |
| Original cataloging agency | DPL |
| Language of cataloging | HN |
| 082 ## - DEWEY DECIMAL CLASSIFICATION NUMBER | |
| Classification number | 824 |
| Item number | दिवेदी |
| 100 ## - MAIN ENTRY--PERSONAL NAME | |
| Personal name | द्विवेदी , संतिप्रिय |
| 9 (RLIN) | 43407 |
| 245 ## - TITLE STATEMENT | |
| Title | शाकल्य / |
| Remainder of title | संतिप्रिय द्विवेदी |
| 246 ## - VARYING FORM OF TITLE | |
| Title proper/short title | Sakalya / |
| 260 ## - PUBLICATION, DISTRIBUTION, ETC. (IMPRINT) | |
| Place of publication, distribution, etc | बनारस |
| Name of publisher, distributor, etc | हिन्दी प्रचार पुस्तकालय |
| Date of publication, distribution, etc | 1955 |
| 270 ## - ADDRESS | |
| Address | Post Box no, 70 Ghyanwapi |
| City | Banaras |
| 300 ## - PHYSICAL DESCRIPTION | |
| Extent | 256p ; |
| Other physical details | 24cm |
| 650 ## - SUBJECT ADDED ENTRY--TOPICAL TERM | |
| Topical term or geographic name as entry element | Hindi literature |
| 9 (RLIN) | 115710 |
| 650 ## - SUBJECT ADDED ENTRY--TOPICAL TERM | |
| Topical term or geographic name as entry element | Hindi kavya |
| 9 (RLIN) | 115711 |
| 650 ## - SUBJECT ADDED ENTRY--TOPICAL TERM | |
| Topical term or geographic name as entry element | हिन्दी काव्य |
| 9 (RLIN) | 115712 |
| 650 ## - SUBJECT ADDED ENTRY--TOPICAL TERM | |
| Topical term or geographic name as entry element | हिंदी साहित्य |
| 9 (RLIN) | 115713 |
| 942 ## - ADDED ENTRY ELEMENTS (KOHA) | |
| Source of classification or shelving scheme | Dewey Decimal Classification |
| Koha item type | Hindi Books |
| Classification part | 824 |
| Call number suffix | दिवेदी |
| Withdrawn status | Lost status | Damaged status | Not for loan | Home library | Current library | Date acquired | Source of acquisition | Cost, normal purchase price | Total Checkouts | Full call number | Barcode | Date last seen | Copy number | Cost, replacement price | Price effective from | Koha item type |
|---|---|---|---|---|---|---|---|---|---|---|---|---|---|---|---|---|
| Central Library | Central Library | 30/12/2015 | Cen Lib/Ret | 4.00 | 824 दिवेदी | 100299 | 30/12/2015 | 1 | 4.00 | 30/12/2015 | Hindi Books |
